Score 0/18 Timer 03:00
1 Play Today
Song Title Missing Word % Correct
Over the Hills and Far ____Away
96.8%
Over My ____ BodyDead
96.5%
Bridge Over Troubled ____Water
95.9%
Bury Me (6 ____ Under)Feet
92.5%
Tell ____ It's Not OverMe
80.9%
____ Over BeethovenRoll
76.4%
____ UnderDown
76.4%
Under Neon ____Lights
74.7%
____ Over Baghdad (B.O.B.)Bombs
70.1%
Song Title Missing Word % Correct
Under ____Pressure
67.7%
Under My _____Thumb
59.3%
Under the ____Bridge
56.2%
Over My _____ (Cable Car)Head
47.8%
Born Under a ____ SignBad
45.4%
____ Days Are OverDog
43.2%
Trapped Under ____Ice
10.5%
When the ____ Is OverHeartache
6.1%
____ Under HeatCool
5.8%

Today's Daily Dose

Remove Ads.
Support Sporcle.
Get the best of Sporcle when you Go Orange. This ad-free experience offers more features, more stats, and more fun while also helping to support Sporcle. Thank you for becoming a member.

You're not logged in!

Compare scores with friends on all Sporcle quizzes.
OR
Log In

Show Comments

Extras

Top Quizzes Today


Score Distribution

Your Account Isn't Verified!

In order to create a playlist on Sporcle, you need to verify the email address you used during registration. Go to your Sporcle Settings to finish the process.

Report this User

Report this user for behavior that violates our Community Guidelines.

Details: